000 00309nam a22001457a 4500
008 210311b ||||| |||| 00| 0 eng d
020 _a0443002266
041 _aeng
080 _22nd
_a61
082 _a61
100 _a3
101 _aSHM
245 _aExtensile Exposure
_cHenry, A. K
942 _2udc
_cBK
999 _c56346
_d56346